Electromechanical energy conversion (Record no. 7935)

000 -LEADER
fixed length control field 00468nam a22001817a 4500
001 - CONTROL NUMBER
control field 7935
003 - CONTROL NUMBER IDENTIFIER
control field BD-DhUET
008 - FIXED-LENGTH DATA ELEMENTS--GENERAL INFORMATION
fixed length control field 141214b xxu||||| |||| 00| 0 eng d
040 ## - CATALOGING SOURCE
Original cataloging agency DLC
Transcribing agency DLC
Modifying agency BD-DhUET
082 ## - DEWEY DECIMAL CLASSIFICATION NUMBER
Classification number 623.13
Item number GOU/1965
100 ## - MAIN ENTRY--PERSONAL NAME
Personal name Gourishankar, Vembu
245 ## - TITLE STATEMENT
Title Electromechanical energy conversion
250 ## - EDITION STATEMENT
Edition statement 1st ed.
260 ## - PUBLICATION, DISTRIBUTION, ETC. (IMPRINT)
Place of publication, distribution, etc. Scranton
Name of publisher, distributor, etc. International textbook
Date of publication, distribution, etc. 1965
300 ## - PHYSICAL DESCRIPTION
Extent xviii, 564p.
Other physical details ill.
650 #0 - SUBJECT ADDED ENTRY--TOPICAL TERM
Topical term or geographic name as entry element Electric machinery
942 ## - ADDED ENTRY ELEMENTS (KOHA)
Koha item type General Book
Holdings
Sublocation or collection (holding branch) Koha date last seen Koha normalized classification for sorting Koha item type Location (home branch) Koha full call number Damaged status Source of classification or shelving scheme Copy number Not for loan Lost status Price effective from Piece designation (barcode) Shelving location Withdrawn status Date acquired
Central Library, BUET2014-12-14623_130000000000000_GOU_1965General BookCentral Library, BUET623.13/GOU/1965  1  2014-12-1416494Circulation section 2014-12-14
Central Library, BUET2015-05-03623_130000000000000_GOU_1965General BookCentral Library, BUET623.13/GOU/1965  2  2015-05-0319014Circulation section 2015-05-03
Central Library, BUET2015-05-03623_130000000000000_GOU_1965General BookCentral Library, BUET623.13/GOU/1965  3  2015-05-0316493Circulation section 2015-05-03
Central Library, BUET2015-05-03623_130000000000000_GOU_1965General BookCentral Library, BUET623.13/GOU/1965  4  2015-05-0316492Circulation section 2015-05-03
Central Library, BUET2015-05-03623_130000000000000_GOU_1965General BookCentral Library, BUET623.13/GOU/1965  5  2015-05-0316496Circulation section 2015-05-03
Central Library, BUET2015-05-03623_130000000000000_GOU_1965General BookCentral Library, BUET623.13/GOU/1965  6  2015-05-0316495Circulation section 2015-05-03
Central Library, BUET2015-07-12623_130000000000000_GOU_1965General BookCentral Library, BUET623.13/GOU/1965  7  2015-07-1226524Circulation section 2015-07-12